Statistiques concernant Focus sur: Croûtard - Harry Potter

Cliquez ici pour prendre le quiz!

Statistiques générales

  • Ce quiz a été pris 127 fois
  • Le résultat moyen est 6 sur 7

Statistiques - réponses

Informations recherchéesRéponses% Correct
EspèceRat
99%
Véritable identitéPeter Pettigrow
98%
Ron Weasley
96%
Première apparitionHarry Potter à l'école des sorciers
95%
Lieu de rencontre avec Harry PotterPoudlard Express
92%
MaîtresPercy Weasley
85%
Autre surnomQueudver
70%

Distribution des résultats

Percentile par nombre de réponses

% des personnes avec chaque résultat

Votre développement - résultats

Vous n’avez pas pris ce quiz